| 000 | 00523cam a22001457a 4500 | ||
|---|---|---|---|
| 008 | 180718b1975 xxu||||| |||| 00| 0 eng d | ||
| 082 | _aLmx5444 | ||
| 100 | _aMunicipal Finance Enquiry Committee | ||
| 245 |
_aReport of the Municipal Finance Enquiry Committee _cby Municipal Finance Enquiry Committee |
||
| 260 |
_aBangalore _bGovernment Of TamilNadu _c1975 |
||
| 300 | _a681p. | ||
| 500 | _aChairman: M. Mallikarjun Kharge | ||
| 650 | _aMunicipal finance --India --Karnataka. | ||
| 700 | _aMallikarjun, Kharge M. (Chairman) | ||
| 999 |
_c393596 _d393596 |
||